Normal view
MARC view
- Daharwal, Monika D
Entry Corporate Name
001 - CONTROL NUMBER
- control field: 205257
003 - CONTROL NUMBER IDENTIFIER
- control field: OSt
005 - DATE AND TIME OF LATEST TRANSACTION
- control field: 20231118154357.0
008 - FIXED-LENGTH DATA ELEMENTS
- fixed length control field: 231118|| aca||aabn | a|a d
040 ## - CATALOGING SOURCE
- Original cataloging agency: OSt
- Transcribing agency: OSt
110 ## - HEADING--CORPORATE NAME
- Corporate name or jurisdiction name as entry element: Daharwal, Monika D
670 ## - SOURCE DATA FOUND
- Source citation: Work cat.: (OSt)356561: Daharwal, Monika D., International Journal of Advance in Nursing Management January to December 2020-21, 2021